000 00632nam a2200229Ia 4500
003 OSt
005 20221007071733.0
006 a|||||r|||| 00| 0
007 ta
008 221006b |||||||| |||| 00| 0 eng d
024 _a15,573
037 _cTextual
040 _aFLL
_cFLL
_beng
041 _2eng
_aeng
082 _aX:98:571:N3, H1
100 _aNorgren P.H. Au.
_9689327
245 0 _aSwedish collective bargaining system
260 _aLondon
_bHarvard university press London
_c1941
300 _a339p
_ccm.
942 _hX:98:571:N3, H1
_cTEXL
_2CC
999 _c1144119
_d1144119